Smallville Characters Quiz - Statistics

General Stats
  • This quiz has been taken 1,033 times
  • The average score is 13 of 15
Answer Stats
Clue Answer % Correct
Main Character Clark Kent
100%
Clarks friend soon becomes enemy Lex Luthor
99%
Clarks highschool love Lana Lang
98%
Clarks female reporter friend Chloe Sullivan
95%
Female Reporter who clark is in love with Lois Lane
95%
Clarks Mother (Earth Mother) Martha Kent
90%
Clarks old bestfriend Pete Ross
89%
Runs really fast, faster than clark Bart/Impulse/Flash
88%
Wealthy Billionaire hero, uses a bow and arrow Oliver Queen/Green Arrow
88%
Clarks Main enemies father Lionel Luthor
87%
Clark's father (Earth Father) Jonathan Kent
80%
Very good at swimming Arthur Curry/AquaMan
76%
Comes from Mars John Jones/Martian manhunter
71%
Half Man, Half Machine Victor/Cyborg
67%
Short Blonde haired woman, (Type of Bird) Dinah/Black Canary
49%
No matching quizzes found
Score Distribution
Percent of People with Each Score
Percentile by Number Answered
Your Score History
You have not taken this quiz